| 000 | 00636nam a2200265Ia 4500 | ||
|---|---|---|---|
| 008 | 181129s9999 xx 000 0 und d | ||
| 020 | _a9780545448154 | ||
| 050 | _bP332 1999 | ||
| 100 | _aPaulsen, Gary | ||
| 245 | 0 | _aBrian's return / | |
| 245 | 0 | _cby Gary Paulsen. | |
| 260 | _aNew York, NY : | ||
| 260 | _bScholastic, | ||
| 260 | _c1999 | ||
| 300 | _a115 pages : | ||
| 300 | _billustrations ; | ||
| 300 | _c17cm. | ||
| 500 | _a1030L | ||
| 650 | _aAdventure stories. | ||
| 650 | _aAirplane crach survival. | ||
| 650 | _aSelf-reliance. | ||
| 650 | _aSurvival. | ||
| 650 | _aWilderness areas. | ||
| 700 | _aTitle. | ||
| 999 |
_c360119 _d360119 |
||